| 000 | 00966nam a2200289Ia 4500 | ||
|---|---|---|---|
| 001 | Para_8139 | ||
| 003 | CHAP | ||
| 008 | 220125s1920 xx 000 0 und d | ||
| 010 | _a207051 | ||
| 040 | _cCHAP | ||
| 082 | _aPA-C 595.75 H4 | ||
| 100 |
_aTanquary, M. C. _9173494 |
||
| 245 |
_aCommercial-sulphur products as dormant sprays for control of the San José Scale / _c by M.C. Tanquary and M.C. Hays |
||
| 260 |
_aBrazos county, Tex. : _b Agricultural Experiment Station |
||
| 300 | _a7 p. | ||
| 440 |
_aHemiptera; 15 _9173479 |
||
| 500 | _aEncuadernado con otros impresos similares | ||
| 650 |
_a _x Hemípteros _x colecciones de escritos _x Aspidiotus _x Control biológico de insectos _9173480 |
||
| 710 |
_aTexas. Agr. Exp. Sta. Circular; 24 _9173495 |
||
| 901 | _aPA-C 595.75 H4 | ||
| 902 | _aA | ||
| 905 | _a0000001920 0000000000 00 | ||
| 910 | _a1920 | ||
| 942 | _cPARA | ||
| 942 |
_cPARA _d1 |
||
| 999 |
_c207051 _d207051 |
||